| 000 | 00440nam a2200181Ia 4500 | ||
|---|---|---|---|
| 008 | 230524s9999 xx 000 0 und d | ||
| 020 | _a9788177587500 | ||
| 082 |
_a820 _bQUR |
||
| 100 | _aRandolph Quirk | ||
| 245 | 2 | _aA University Grammer of English | |
| 250 | _aIST | ||
| 260 |
_aNEW DELHI _bPearson _c2009 |
||
| 300 | _aIX;477 | ||
| 500 | _aQuantity Number: 20 | ||
| 650 | _aEnglish | ||
| 700 | _a Sidney Greenbaum | ||
| 942 | _cBK | ||
| 999 |
_c40725 _d40725 |
||